Statistiques concernant Cliquez sur la bonne traduction en italien - Les légumes

Cliquez ici pour prendre le quiz!

Statistiques générales

  • Ce quiz a été pris 207 fois
  • Le résultat moyen est 10 sur 17

Statistiques - réponses

HintRéponse% Correct
CarotteCarota
92%
Pomme de terrePatata
92%
LaitueLattuga
89%
PoivronPeperone
82%
EpinardsSpinaci
81%
Chou-fleurCavolfiore
77%
CourgetteZucchina
72%
PoireauPorro
60%
ChampignonFungo
57%
OignonCipolla
52%
ArtichautCarciofo
51%
Petits poisPiselli
51%
AubergineMelanzana
47%
Haricot vertFagiolino
46%
ConcombreCetriolo
33%
RadisRavanello
28%
NavetRapa
26%

Distribution des résultats

Percentile par nombre de réponses

% des personnes avec chaque résultat

Votre développement - résultats

Vous n’avez pas pris ce quiz